00289nam a2200073Ia 4500008004100000245009000041260007200131546001200203220512s9999 xx 000 0 eng d 4aThe cournot-bertrand profit differential:a reversal result in network goods duopoly / aMumbai :bIndira Gandhi Institute of Development Research,cJul-13 aEnglish